000 00959nam a22002417a 4500
999 _c65118
_d65118
005 20240530110808.0
008 190211s2018 ua a g b 000 0 ara d
017 _bمصر. دار الكتب
_a2018/4591
020 _a9789771033738
040 _aEG-CaGPL
_cEG-CaGPL
082 0 4 _221
_a613.711 \
_bح ت
100 0 _aحسين درى اباظة
245 1 2 _aالتغذية الطاقة الانجاز للسباحين من الطفولة الى البطولة /
_cحسين درى اباظة ، محمود عوض بسيونى ، عبدالرحمن عبدالكريم شمس
250 _aط.1
260 _aالقاهرة :
_bدار الفكر العربى،
_c2018 .
300 _a179 ص. ؛
_c24 سم.
504 _aيشتمل على ارجاعات ببلوجرافية
650 0 7 _2qrmak
_aالسباحون
650 0 7 _aالسباحون
_xتغذية
_2qrmak
651 0 7 _2qrmak
942 _2ddc
_cBK